Home Print Resources E-Books E-Journals IIMT Lecture Series Library Membership Form Book Recommendation Form Campus Tour Take AdmissionAbout Us Contact Us

CURRENT TRENDS IN MEDICINAL CHEMISTRY-III (Record no. 49526)

000 -LEADER
fixed length control field nam a22 7a 4500
003 - CONTROL NUMBER IDENTIFIER
control field OSt
005 - DATE AND TIME OF LATEST TRANSACTION
control field 20200121123939.0
008 - FIXED-LENGTH DATA ELEMENTS--GENERAL INFORMATION
fixed length control field 200121b xxu||||| |||| 00| 0 eng d
040 ## - CATALOGING SOURCE
Transcribing agency IIMT UNIVERISTY MEERUT
Modifying agency SEROSOFT
Description conventions ENGLISH
100 ## - MAIN ENTRY--PERSONAL NAME
Personal name GANDHIMATHI.G DR.
245 ## - TITLE STATEMENT
Title CURRENT TRENDS IN MEDICINAL CHEMISTRY-III
Statement of responsibility, etc. AUTHOR
Medium ENGLISH
260 ## - PUBLICATION, DISTRIBUTION, ETC.
Place of publication, distribution, etc. S.VIKAS AND COMPANY
Name of publisher, distributor, etc. ED.2020
300 ## - PHYSICAL DESCRIPTION
Extent PAPER BACK
Other physical details 198PP
700 ## - ADDED ENTRY--PERSONAL NAME
Personal name DR.G.GANDHIMATHI
760 ## - MAIN SERIES ENTRY
Edition ED.2020
856 ## - ELECTRONIC LOCATION AND ACCESS
Materials specified PAPER BACK
887 ## - NON-MARC INFORMATION FIELD
Source of data TITEL
942 ## - ADDED ENTRY ELEMENTS (KOHA)
Source of classification or shelving scheme
Koha item type Text-Book- for 7 days
Classification part 615.19GAN
Call number suffix 615.19GAN
Holdings
Withdrawn status Lost status Source of classification or shelving scheme Damaged status Not for loan Home library Current library Date acquired Cost, normal purchase price Total Checkouts Total Renewals Full call number Barcode Date last seen Date last checked out Copy number Price effective from Koha item type
          IIMT University College of Medical Sciences IIMT University College of Medical Sciences 01/21/2020 325.00 15 12 615.19GAN 02-B-12085 06/23/2025 05/13/2025 R 01/21/2020 Text-Book- for 7 days
IIMT, Central Library. All Rights Reserved IIMT,UNIVERSITY © 2023
Implemented and Customised by I CLOUDE EMS
You Are OPAC Visitor No
free web counter

Powered by Koha